000 00326nam a2200121Ia 4500
008 220204s9999 xx 000 0 und d
082 _a651.44
_bCUR
100 _aCurchack, Norma
245 0 _aSecretarial training for the changing office
260 _aNew York
_bHarcourt
_c1977
700 _aParzych, Patricia A
942 _cBK
999 _c26767
_d26767